000
00245nam a2200109Ia 4500
008
190216s9999||||xx |||||||||||||| ||und||
100
_a
Madambu Kunjukuttan
245
0
_a
Kolani
260
_b
D C Books Kerala
650
_a
Malayalam
942
_c
BK
999
_c
26002
_d
26002